| 000 | 00955nam a2200241 a 4500 | ||
|---|---|---|---|
| 001 | BRCA_780 | ||
| 005 | 20190320203140.0 | ||
| 008 | 241005s2005----mx-a---###---#000-0#spa-d | ||
| 020 | _a9688644064 | ||
| 041 | _aspa | ||
| 044 | _amx | ||
| 050 | 4 |
_aBX3058.3 _b.B73 2005 |
|
| 100 | 1 |
_aBravo Galván, Héctor _92597 |
|
| 245 | 1 | 0 |
_aEl templo de nuestra Señora de Belén en Guanajuato _bhistoria y análisis del conjunto Betlemita _cproyecto e investigación Héctor Bravo Galván y Horacio Gnemmi Bohogú. |
| 260 |
_aMéxico _bUniversidad de Guanajuato, Facultad de Arquitectura _c2005 |
||
| 300 |
_a92 p. _bil. (algunas a color) _c41 cm. |
||
| 500 | _aIncluye índice de imágenes | ||
| 500 | _aTítulo del lomo: El templo de Nuestra Señora de Belén en Guanajuanto; 1 | ||
| 504 | _aBibliografía: p. 92-93 | ||
| 650 | 1 | 4 |
_aBetlemitas _xHistoria _ySiglo XVII-XVIII _zGuanajuanto (México) _92598 |
| 700 | 1 |
_aGnemmi Bohogú, Horacio _92599 |
|
| 942 |
_2lcc _cB |
||
| 999 |
_c677 _d677 |
||